Successful negotiation

Bibliographic Details
Main Author: Maddux, Robert B. (Author)
Format: Book
Published: Los Altos, Calif. : Crisp Pub. , c1988
Edition:Rev. ed
Subjects:

MARC

LEADER 00000cam a2200000 7i4500
001 0000030735
005 20180118093000.0
020 |a 0931961092 
090 0 0 |a BF637.N4   |b M3 1988 
100 0 |a Maddux, Robert B. ,   |e author 
245 0 0 |a Successful negotiation   |c Robert B. Maddux 
250 |a Rev. ed 
260 2 |a Los Altos, Calif. :   |b Crisp Pub. ,   |c c1988 
300 |a ii, 66 p. ;   |c 26 cm. 
650 0 |a Negotiation 
999 |a 1000057618   |b Book   |c OPEN SHELF (30 DAYS)   |e Gong Badak Campus